| 000 | 01458nam a2200385 a 4500 | ||
|---|---|---|---|
| 001 | ebr10395918 | ||
| 003 | CaPaEBR | ||
| 006 | m u | ||
| 007 | cr cn||||||||| | ||
| 008 | 830816s1983 wiua sb 001 0 eng d | ||
| 010 | _z 83047771 | ||
| 020 | _z0299094502 | ||
| 020 | _z9780299094508 | ||
| 020 | _z0299094545 (pbk.) | ||
| 020 | _z9780299094546 | ||
| 020 | _z9780299094539 (e-book) | ||
| 040 |
_aCaPaEBR _cCaPaEBR |
||
| 035 | _a(OCoLC)655784329 | ||
| 050 | 1 | 4 |
_aGN346 _b.O27 1983eb |
| 082 | 0 | 4 |
_a306/.0723 _219 |
| 245 | 0 | 0 |
_aObservers observed _h[electronic resource] : _bessays on ethnographic fieldwork / _cedited by George W. Stocking, Jr. |
| 260 |
_aMadison, Wis. : _bUniversity of Wisconsin Press, _c1983. |
||
| 300 |
_avi, 242 p. : _bill. |
||
| 490 | 1 |
_aHistory of anthropology ; _vv. 1 |
|
| 504 | _aIncludes bibliographical references and index. | ||
| 533 |
_aElectronic reproduction. _bPalo Alto, Calif. : _cebrary, _d2013. _nAvailable via World Wide Web. _nAccess may be limited to ebrary affiliated libraries. |
||
| 650 | 0 |
_aEthnology _xFieldwork. |
|
| 650 | 0 | _aParticipant observation. | |
| 650 | 0 |
_aEthnology _xHistory. |
|
| 655 | 7 |
_aElectronic books. _2local |
|
| 700 | 1 |
_aStocking, George W., _d1928- |
|
| 710 | 2 | _aebrary, Inc. | |
| 830 | 0 |
_aHistory of anthropology ; _vv. 1. |
|
| 856 | 4 | 0 |
_uhttp://site.ebrary.com/lib/rucke/Doc?id=10395918 _zAn electronic book accessible through the World Wide Web; click to view |
| 999 |
_c96186 _d96186 |
||